00758naa a2200181 i 4500001000700000003000900007005001700016008004100033040001300074100003100087245006600118300001500184610003800199651006300237773024000300942001700540999001900557190389ES-MaACL20250704062551.0210121s1996 sp 100 0 spa d cES-MaACL1 aMallo, Tomás975818eaut13aEl Ateneo de Madrid ante el 98 / cTomás Mallo Gutiérrez. aP. 529-53624aAteneo de Madrid-vHistoria91925 0aEspaña-xHistoria-y1898-vCongresos y asambleas92271640 013387w13387913719tLa nación soñada: Cuba, Puerto Rico y Filipinas ante el 98 : actas del congreso internacional celebrado en Aranjuez del 2 al 28 de abril de 1995, dAranjuez : Doce Calles, [1996], zISBN 8487111874,gp. 529-536 cANAM2udcn0 c190389d190389